| 000 | 00786cam a22002653a 4500 | ||
|---|---|---|---|
| 001 | 20375 | ||
| 003 | PGUSA | ||
| 005 | 20140828083430.0 | ||
| 008 | 070115s2007||||xxu|||||s|||||000 | eng d | ||
| 040 |
_aPGUSA _beng |
||
| 042 | _adc | ||
| 050 | 4 | _aGV | |
| 100 | 1 |
_aField, Al. G. _q(Alfred Griffith), _d1852- |
|
| 245 | 1 | 0 |
_aWatch Yourself Go By _h[electronic resource] / _cAl. G. Field |
| 260 |
_bProject Gutenberg, _c2007 |
||
| 506 | _aPublic domain in the USA. | ||
| 516 | _aElectronic text | ||
| 653 | _aField, Al. G. (Alfred Griffith), 1848-1921 | ||
| 653 | _aCircus performers -- United States -- Biography | ||
| 653 | _aWit and humor | ||
| 700 | 1 | _aWarden, Ben W. | |
| 830 | 0 |
_aProject Gutenberg _v20375 |
|
| 856 | 4 | 0 | _uhttp://www.gutenberg.org/ebooks/20375 |
| 942 | _cEB | ||
| 999 |
_c249630 _d249630 |
||